[Event "It (cat.15)"]
[Site "masterchessopen.com Belfort (France)"]
[Round "4"]
[White "Gurevich Mikhail (TUR)"]
[Black "Hamdouchi Hichem (FRA)"]
[Result "1-0"]
[WhiteElo "2644"]
[BlackElo "2575"]

{ Gurevich Mikhail (BEL) +1 =0 -0 } 1.d4 { 1 } 1...d5 2.c4 e6 3.Nc3 Be7 4.Nf3
Nf6 5.Bg5 h6 6.Bh4 O-O 7.e3 Ne4 8.Bxe7 Qxe7 9.Rc1 c6 10.Bd3 Nxc3 11.Rxc3 Nd7 {
?/= } 12.Qc2 ( 12.O-O e5 13.dxe5 dxc4 14.Bxc4 Nxe5 15.Nxe5 Qxe5 16.Qb3 b5
17.Be2 Be6 18.Qc2 Bd5 19.Bf3 Bxf3 20.gxf3 Qg5+ 21.Kh1 Qh5 22.Qe4 Rae8 23.Qxc6
Re6 24.Qb7 Re7 25.Qc6 Re6 26.Qb7 Re7 { 1/2-1/2, Lautier Joel 2638 - Kramnik
Vladimir 2760 , Monaco 1999 It "Melody Amber" (active) } ) ( 12.cxd5 exd5
13.O-O Re8 14.Qb1 Nf6 15.b4 Ne4 16.Bxe4 dxe4 17.Nd2 Be6 18.Rfc1 Bd5 19.b5 Rad8
20.a4 h5 21.R1c2 h4 22.h3 f5 23.bxc6 bxc6 24.Nc4 c5 25.dxc5 Qxc5 26.Na3 Qb6
27.Qxb6 axb6 28.Nb5 Bf7 29.Nd4 g6 30.Rc6 Re7 31.Rb2 Ra8 { ...1/2-1/2, Nikolic
Predrag 2655 - Jussupow Artur 2655 , Horgen 1994 It (cat.16) } ) 12...dxc4
13.Bxc4 e5 ( 13...b6 14.O-O Bb7 15.Bd3 c5 16.Bh7+ Kh8 17.Be4 Bxe4 18.Qxe4 Nf6
19.Qc2 Nd5 20.Rc4 cxd4 21.Nxd4 Qb7 22.Rc1 b5 23.Rc5 a6 24.a3 Rad8 25.Nc6 Rc8
26.Na5 Rxc5 27.Qxc5 Qa8 28.Qc6 Qa7 29.Qc5 Qxc5 30.Rxc5 Rd8 31.Kf1 Rd6 32.Rc6
Rxc6 33.Nxc6 { ...1-0, Chekhov Valery A 2480 - Przewoznik Jan 2415 , Bydgoszcz
1990 Ch Poland (team) } ) 14.O-O { } 14...Re8 { N } ( 14...exd4 15.Nxd4 Ne5 (
15...Nb6 16.Be2 Nd5 17.Rb3 a5 18.a4 Nb4 19.Qb1 c5 20.Nb5 Be6 21.Rc3 Rad8
22.Rd1 Rxd1+ 23.Qxd1 Rd8 24.Qe1 b6 25.Rc1 Qf6 26.Nc3 Bb3 27.Rb1 Nd3 28.Bxd3
Rxd3 29.Qe2 Qd8 30.Qg4 Rd2 31.h3 Be6 32.Qf3 Qd3 33.Rd1 Rxd1+ 34.Qxd1 {
...1/2-1/2, Steinheimer Juergen 2210 - Hoefer Heijo, Germany 1997 Oberliga
Southwest1996/97 } ) 16.Bb3 Rd8 17.h3 { 1/2-1/2, Debarnot Roberto 2380 - Panno
Oscar 2505 , Buenos Aires 1985 Ch Argentina } ) ( 14...e4 15.Ne5 Nxe5 16.Qxe4
Re8 17.dxe5 Qxe5 18.Qxe5 Rxe5 19.Rd1 Kf8 20.f3 Be6 21.Bxe6 Rxe6 22.e4 Rae8
23.Kf2 Re5 24.Rd4 Rb5 25.b3 Rbe5 26.a4 f5 27.exf5 Rxf5 28.f4 c5 29.Rdc4 b6
30.Kf3 Rd5 31.b4 cxb4 32.Rxb4 Rd2 33.a5 bxa5 34.Rb7 { ...1/2-1/2, Gyimesi
Zoltan 2585 - Zupe Miran 2373 , Austria 2003 Staatsliga B Mitte 2002/03 } )
15.d5 e4 { } ( 15...Nf6 { !? } 16.dxc6 bxc6 17.Bb3 Bb7 { } ) 16.Nd4 c5 { } (
16...cxd5 { !? } 17.Bxd5 Qe5 18.Qb3 Rf8 { } ) 17.Nb5 Qe5 18.d6 Rf8 { } (
18...Rd8 { !? } 19.f4 Qf5 20.Rd1 Nf6 { } ) 19.Rd1 Nf6 { ?! } ( 19...Nb6 { !? }
20.Be2 c4 21.Nc7 Rb8 { } ) 20.Bxf7+ { ? } ( 20.Nc7 { !? } 20...Bg4 21.Rd2 b6
22.Nxa8 { } ) 20...Rxf7 21.Rxc5 Qe8 22.Nc7 Rxc7 23.dxc7 Kh7 24.Rd8 Qe6 25.Qc4
Qe7 26.Qd4 Qf7 27.a3 Qg6 28.Qd6 Qg4 { ?! } ( 28...Bh3 { !? } 29.Qg3 Qxg3
30.hxg3 Bc8 { } ) 29.h3 { ! } ( 29.Rc2 { ? } 29...Qf5 30.Qf8 Qe6 31.Qh8+ { } )
29...Qe2 30.Rxc8 { ?? } ( { ? } 30.Qf4 a5 31.Re5 Ra6 32.Re7 { } ) 30...Rxc8
31.Qd8 Ng8 { ?? } ( { ? } 31...Qe1+ 32.Kh2 { } ) 32.Rf5 Ne7 33.Qxe7 Qxb2
34.Rf7 Kg8 35.g3 { } {#r} 1-0

[Event "Ch France (team) (nat.4) 2002/03"]
[Site "masterchessopen.com France"]
[Round "4"]
[White "Huguet Francois (FRA)"]
[Black "Terrieux Kevin (FRA)"]
[Result "0-1"]
[WhiteElo "2058"]
[BlackElo "2227"]

1.d4 d5 2.c4 e6 3.Nc3 Nf6 4.Bg5 Be7 5.e3 O-O 6.Nf3 h6 7.Bh4 Ne4 8.Bxe7 Qxe7
9.Rc1 Rd8 10.c5 Nd7 11.Qc2 Nxc3 12.Qxc3 c6 13.Bd3 e5 14.Nxe5 Nxe5 15.dxe5 Qg5
16.g3 Qh5 17.Be2 Bg4 18.Bxg4 Qxg4 19.O-O Qf3 20.Qd4 Re8 21.Rfe1 Qf5 22.f4 f6
23.exf6 Re4 24.Qc3 gxf6 25.Rcd1 Rae8 26.Rd4 h5 27.Rxe4 Rxe4 28.b3 Qe6 29.Kf2
Kf7 30.h4 b6 31.cxb6 axb6 32.Rc1 c5 33.Qd3 Kg7 34.Rd1 d4 35.exd4 cxd4 36.Qc4
Qh3 37.Qc7+ Kh6 38.Rg1 d3 39.Qd8 Re2+ {#R} 0-1

[Event "It (open)"]
[Site "masterchessopen.com Geraardsbergen (Belgium)"]
[Round "5"]
[White "Van Der Stricht Geert (BEL)"]
[Black "Senff Martin (GER)"]
[Result "0-1"]
[WhiteElo "2413"]
[BlackElo "2430"]

1.d4 d5 2.c4 e6 3.Nc3 Nf6 4.Bg5 Be7 5.e3 O-O 6.Nf3 h6 7.Bh4 Ne4 8.Bxe7 Qxe7
9.Rc1 c6 10.Bd3 Nxc3 11.Rxc3 dxc4 12.Bxc4 Nd7 13.O-O e5 14.Nxe5 Nxe5 15.dxe5
Qxe5 16.f4 Qe4 17.Qe2 Bf5 18.Bd3 Qe6 19.e4 Rfe8 20.Re1 Bh7 21.Bb1 Rad8 22.h3
Rd4 23.Qe3 Red8 24.b3 Qf6 25.Rcc1 a6 26.Bc2 c5 27.e5 Qxf4 28.Bxh7+ Kxh7
29.Rxc5 Qf5 30.Rc7 Rd1 31.Kh2 Rxe1 32.Qxe1 Rd1 33.Rxf7 Qb1 {#R} 0-1

[Event "It (cat.16)"]
[Site "masterchessopen.com Poikovsky (Russia)"]
[Round "5"]
[White "Lputian Smbat G (ARM)"]
[Black "Onischuk Alexander (USA)"]
[Result "0-1"]
[WhiteElo "2634"]
[BlackElo "2653"]

{ Lputian Smbat G (ARM) +1 =2 -0 } 1.d4 { 1 } 1...Nf6 2.c4 e6 3.Nf3 d5 4.Nc3
Be7 5.Bg5 h6 6.Bh4 O-O 7.e3 Ne4 8.Bxe7 Qxe7 9.Rc1 ( 9.Qc2 Nxc3 10.Qxc3 dxc4
11.Qxc4 b6 12.Rc1 c5 13.dxc5 Ba6 14.Qh4 Qxh4 15.Nxh4 Rc8 16.Be2 bxc5 17.Nf3
Bxe2 18.Kxe2 Nd7 19.Nd2 Rcb8 20.Nb3 a5 21.Rhd1 Ra7 22.Rd2 Rb5 23.Rcc2 Rab7
24.Rc4 Kf8 25.f4 Ke7 26.Kf3 f5 27.Rdc2 g5 28.h3 h5 { ...1/2-1/2, Lputian Smbat
G 2638 - Pigusov Evgeny 2615 , Halkidiki 2002 Cup European Club (final) } )
9...c6 10.Qc2 Nxc3 11.Qxc3 Nd7 { ?/= } 12.cxd5 ( 12.Bd3 dxc4 13.Bxc4 b6 14.O-O
Bb7 15.Rfd1 c5 16.d5 exd5 17.Bxd5 Bxd5 18.Rxd5 Nf6 19.Rd3 Rad8 20.Rcd1 Rfe8
21.h3 Rxd3 22.Qxd3 Qc7 23.Nh4 g6 24.Nf3 Kg7 25.a3 Re7 26.Qc3 Re6 27.Rd3 Qe7
28.Nd2 Kh7 29.Qc4 Ne4 30.Nxe4 Rxe4 31.Qc3 Re6 { ...1/2-1/2, Bacrot Etienne
2555 - Karpov Anatoly 2725 , Cap d'Agde 1998 It (active) } ) 12...exd5 13.Bd3
( 13.Be2 a6 14.O-O Nf6 15.Ne5 Nd7 16.Nf3 Re8 17.Rfd1 Qd6 18.Bf1 Nf6 19.Ne5 Nd7
20.Nf3 { 1/2-1/2, Halkias Stelios 2519 - Miladinovic Igor 2495 , Cutro 2001 It
(cat.9) } ) 13...Nf6 14.O-O { } ( 14.Qc5 Re8 15.b4 a6 16.O-O Ne4 17.Qxe7 Rxe7
18.a4 Nd6 19.Rc5 Bd7 20.Rfc1 f6 21.Nd2 Be8 22.Nb3 g5 23.R5c2 Kg7 24.Bf1 h5
25.Nc5 h4 26.Rb2 Rd8 27.Rc3 Ra8 28.f3 Rd8 29.Kf2 Ra8 30.Rc1 Ra7 31.Re1 Bg6
32.b5 axb5 33.axb5 Ra3 { ...1/2-1/2, Nenashev Alexander 2415 - Hopeoria Zaza,
Cheliabinsk 1991 It (open) } ) 14...Re8 { N } ( 14...Ne4 15.Bxe4 dxe4 16.Nd2
Bg4 17.Qc5 Qe6 18.h3 Be2 19.Rfe1 Bb5 20.Qa3 b6 21.Qb3 Qxb3 22.Nxb3 f5 23.Rc3
Rad8 24.Nd2 Rd5 25.Ra1 Rf6 26.a4 Bd3 27.a5 c5 28.axb6 axb6 29.dxc5 bxc5 30.Ra5
Rb6 31.Nb3 Kh7 32.Kh2 Bf1 33.Kg1 Rd1 34.Rc1 { ...1-0, Chuchelov Vladimir 2500
- Korneev Oleg 2465 , Germany 1992 Oberliga North 1991/92 } ) ( 14...a5 15.a3
a4 16.Qc2 Be6 17.Nd2 Nd7 18.f4 Nf6 19.Nf3 Bc8 20.Ne5 Ng4 21.Rf3 Re8 22.h3 Nf6
23.g4 Ne4 24.Bxe4 dxe4 25.Rg3 f6 26.Ng6 Qd6 27.Rg2 Be6 28.f5 Bf7 29.Nf4 Ra5
30.h4 Rb5 31.Qxa4 Bb3 32.Qa7 Qf8 33.Ng6 Ra8 34.Nxf8 { ...1-0, Gausel Einar
2492 - Nielsen Peter Heine 2578 , Bergen 2000 It (open) } ) 15.Nd2 a5 16.Qc5
Be6 17.Qxe7 Rxe7 18.Rc3 Ne8 19.Rfc1 Nd6 20.Ra3 Bd7 21.Rc5 b5 22.b4 { ?! } (
22.Nf3 { !? } 22...f6 23.b4 Ree8 24.bxa5 { } ) 22...Nb7 { ! } ( 22...a4 { ? }
23.h3 Nb7 24.Rc2 Nd6 { } ) 23.Rc2 Ree8 { ! } ( 23...a4 { ? } 24.Rac3 Ra6 25.a3
Nd6 { } ) 24.Rb3 axb4 25.Rxb4 Ra3 26.Rb3 Ra7 27.Rbb2 Nd6 28.g4 { ?! } ( 28.Rc5
{ !? } 28...Rea8 29.Bb1 Ra4 30.Kf1 { } ) 28...Nc4 29.Nxc4 dxc4 30.Bf5 Bxf5
31.gxf5 Rd8 32.Rb4 Rd5 { ?! } ( 32...Ra3 { !? } 33.Kf1 Rd5 34.f6 gxf6 { } )
33.a4 Rxf5 34.axb5 cxb5 35.e4 { ?! } ( 35.Kg2 { !? } 35...Ra5 36.f4 Rh5 37.Kf3
{ } ) 35...Rf4 36.Rxb5 { ?! } ( 36.f3 { !? } 36...Rxf3 37.Rxb5 Ra1+ 38.Kg2 { }
) 36...Rg4+ 37.Kf1 Ra1+ 38.Ke2 Rxe4+ 39.Kf3 Rxd4 40.Rb4 Ra3+ { } {#R} 0-1

[Event "Ch Hungary (team) 2002/03 (2 liga)"]
[Site "masterchessopen.com Hungary"]
[Date "2003.04.06"]
[Round "10"]
[White "Seres Lajos (HUN)"]
[Black "Zupe Miran (SLO)"]
[Result "1-0"]
[WhiteElo "2443"]
[BlackElo "2394"]

1.Nf3 d5 2.d4 Nf6 3.c4 e6 4.Nc3 Be7 5.Bg5 h6 6.Bh4 O-O 7.e3 Ne4 8.Bxe7 Qxe7
9.Rc1 Nxc3 10.Rxc3 c6 11.Bd3 Nd7 12.O-O dxc4 13.Bxc4 e5 14.Bb3 e4 15.Nd2 Nf6
16.Qb1 Bf5 17.Bc2 Bg6 18.b4 a6 19.Rc1 Rfe8 20.a4 Rad8 21.b5 cxb5 22.axb5 a5
23.b6 Qb4 24.Qxb4 axb4 25.Rc7 Nd5 26.Bb3 Nc3 27.Ra1 Rb8 28.Ra7 Red8 29.Raxb7
Nb5 30.Rxb8 Rxb8 31.Rc4 Nd6 32.Rxb4 Kf8 33.Bd5 f5 34.Bc6 Ke7 35.Nb3 Be8 36.d5
Nc8 37.b7 {#r} 1-0

[Event "Memorial Karl Mala (open)"]
[Site "masterchessopen.com Frankfurt (Germany)"]
[Date "2004.07.23"]
[Round "2"]
[White "Zoeller Thomas (GER)"]
[Black "Lenz Werner"]
[Result "1-0"]
[WhiteElo "2095"]
[BlackElo "1649"]

1.d4 d5 2.c4 e6 3.Nc3 Nf6 4.Bg5 Be7 5.e3 O-O 6.Nf3 h6 7.Bh4 Ne4 8.Bxe7 Qxe7
9.Rc1 Nxc3 10.Rxc3 c6 11.Bd3 Nd7 12.O-O Nf6 13.Bb1 Bd7 14.Ne5 Rfc8 15.Qd3 Be8
16.f3 g6 17.e4 Kg7 18.Qd2 b6 19.Rfc1 Qb7 20.Ng4 Ng8 21.Qf4 Qe7 22.cxd5 exd5
23.h3 Bd7 24.Ne5 c5 25.exd5 cxd4 26.Qxd4 Kh7 27.Rc7 Rxc7 28.Rxc7 Rc8 29.Rxd7
Rc1+ 30.Kh2 Qxd7 31.Nxd7 Rxb1 32.Nf8# 1-0

[Event "Memorial M.Chigorin (open)"]
[Site "masterchessopen.com St. Petersburg (Russia)"]
[Date "2004.10.22"]
[Round "7"]
[White "Ionov Sergey (RUS)"]
[Black "Matlakov Maxim (RUS)"]
[Result "1-0"]
[WhiteElo "2544"]
[BlackElo "2362"]

1.d4 d5 2.c4 e6 3.Nf3 Nf6 4.Nc3 Be7 5.Bg5 h6 6.Bh4 O-O 7.e3 Ne4 8.Bxe7 Qxe7
9.Rc1 c6 10.Bd3 Nxc3 11.Rxc3 dxc4 12.Bxc4 Nd7 13.O-O b6 14.Bd3 e5 15.Bf5 exd4
16.Nxd4 c5 17.Nc6 Qe8 18.Qd6 Nf6 19.Ne7+ Kh8 20.Nxc8 Rxc8 21.Bxc8 Ne4 22.Bd7
Nxd6 23.Bxe8 Rxe8 24.Rd1 Re6 25.Rcd3 Nc4 26.b3 Ne5 27.Rd6 Re7 28.h3 {#r} 1-0

[Event "It (open)"]
[Site "masterchessopen.com Iraklion (Greece)"]
[Round "9"]
[White "Valden Petros (GRE)"]
[Black "Giokas Hristos (GRE)"]
[Result "1-0"]
[WhiteElo "2137"]
[BlackElo "1928"]

1.d4 Nf6 2.Nf3 d5 3.c4 e6 4.Nc3 Be7 5.Bg5 h6 6.Bh4 O-O 7.e3 Ne4 8.Bxe7 Qxe7
9.Rc1 Nxc3 10.Rxc3 Nd7 11.cxd5 Nf6 12.dxe6 Bxe6 13.a3 Rad8 14.Be2 g5 15.O-O
Kg7 16.Ne5 Rh8 17.Bc4 Ne4 18.Rc1 c5 19.Bxe6 Qxe6 20.Qc2 Nd6 21.Qxc5 Rc8
22.Qxa7 Rxc1 23.Rxc1 Rc8 24.Rxc8 Qxc8 25.Qc5 Qf5 26.h3 Qb1+ 27.Kh2 Qxb2
28.Qxd6 Qxf2 29.Qxh6+ {#r} 1-0

[Event "It (b)"]
[Site "masterchessopen.com Cartak (Czech Republic)"]
[Round "9"]
[White "Obsivac Josef (CZE)"]
[Black "Kulovana Eva (CZE)"]
[Result "1-0"]
[WhiteElo "2310"]
[BlackElo "2131"]

1.d4 d5 2.c4 e6 3.Nc3 Nf6 4.Bg5 Be7 5.e3 h6 6.Bh4 O-O 7.Nf3 Ne4 8.Bxe7 Qxe7
9.Rc1 c6 10.Bd3 Nxc3 11.Rxc3 dxc4 12.Bxc4 Nd7 13.Bb3 e5 14.O-O exd4 15.exd4
Nf6 16.Re1 Qd6 17.Ne5 Bf5 18.Rf3 Be6 19.Bxe6 fxe6 20.Rg3 Qc7 21.Qb3 Nd5 22.Rg6
Rf6 23.Rxf6 gxf6 24.Nf3 Re8 25.Re4 Kh8 26.Nh4 Qf7 27.Qd1 Rg8 28.g3 a6 29.Qe2
Re8 30.Nf5 Qg6 31.Rxe6 Rg8 32.Qf3 Qg5 33.Re4 Rg6 34.Kg2 Qd2 35.Ne7 Nxe7
36.Rxe7 Qxb2 37.Qf5 Qb4 38.Rd7 Rg7 39.Qxf6 {#r} 1-0

[Event "It (open) (a)"]
[Site "masterchessopen.com Pardubice (Czech Republic)"]
[Date "2005.07.27"]
[Round "6"]
[White "Werle Jan (NED)"]
[Black "Gasthofer Alexander (GER)"]
[Result "1-0"]
[WhiteElo "2509"]
[BlackElo "2418"]

{ Werle Jan (NED) +0 =1 -0 } 1.Nf3 d5 2.d4 Nf6 3.c4 e6 4.Nc3 Be7 5.Bg5 h6
6.Bh4 O-O 7.e3 Ne4 8.Bxe7 Qxe7 9.Rc1 Nxc3 10.Rxc3 c6 11.Be2 dxc4 12.Bxc4 Nd7
13.O-O b6 { ?/= } 14.e4 ( 14.Bd3 c5 15.Be4 Rb8 16.Qc2 b5 17.Rc1 b4 18.Rd3 Nf6
19.Bc6 cxd4 20.Rxd4 e5 21.Rd2 Bb7 22.Bxb7 Rxb7 23.h3 g6 24.Qc6 Rfb8 25.Qd6 Kg7
26.Qxe5 b3 27.Qxe7 Rxe7 28.a3 Ne4 29.Rd3 a5 30.Rc4 Rb6 31.Nd4 Reb7 32.f3 Nd6
33.Ra4 h5 { ...1/2-1/2, Gelfand Boris 2701 - Kramnik Vladimir 2809 , Monaco
2001 It "Melody Amber" (active) } ) ( 14.Qe2 Bb7 15.Rd1 Rfd8 16.Ba6 Bxa6
17.Qxa6 c5 18.Qb7 Rdb8 19.Qe4 Rd8 20.Qc2 a5 21.h3 Re8 22.Qa4 Rad8 23.Rcc1 e5
24.dxe5 Nxe5 25.Nxe5 { 1/2-1/2, Benjamin Joel 2610 - Jussupow Artur 2655 ,
Horgen 1994 It (cat.16) } ) 14...Bb7 15.Re1 ( 15.Qc1 c5 16.Qf4 Rad8 17.dxc5
Nxc5 18.e5 Na4 19.Rc2 Bxf3 20.Qxf3 Rd4 21.b3 Nc5 22.Re1 Rfd8 23.g3 Qd7 {
1/2-1/2, Ravi Lanka 2425 - Marciano David 2395 , Teheran 1994 It (open) } )
15...Rfd8 { +0.26 CAP } ( 15...c5 16.d5 exd5 17.Bxd5 Bxd5 18.Qxd5 Nf6 19.Qf5
Qe6 20.Qxe6 fxe6 21.Kf1 Rfd8 22.Rc4 Rd7 23.Ke2 Rad8 24.Rec1 Ne8 25.R4c2 Nc7
26.Rd2 Rxd2+ 27.Nxd2 Nb5 28.Ke3 e5 29.Nc4 Re8 30.h4 Re6 31.g3 Nd6 32.Nd2 Kf7
33.a3 a5 34.a4 Re7 35.b3 { ...1-0, Dokhoian Yury 2520 - Ciric Dragoljub M 2395
, Belgrade 1988 } ) 16.Qb1 { N } ( 16.Qc2 c5 17.dxc5 Nxc5 18.a3 Rac8 {
1/2-1/2, Horvath Csaba 2506 - Kallio Heikki 2474 , Budapest 2002 It (cat.8) }
) ( 16.a3 e5 17.d5 Nf6 18.Rd3 Rd6 19.Nh4 Rd7 20.d6 Qf8 21.Nf5 g6 22.Rg3 Kh8
23.Ne7 Kh7 24.Rf3 Kg7 25.Rd3 Ne8 26.f4 Nxd6 27.Rxd6 Rxe7 28.f5 Ree8 29.f6+ Kh8
30.Qc1 Rad8 31.Red1 g5 32.Qd2 Rxd6 33.Qxd6 Qxd6 34.Rxd6 c5 35.Bxf7 Rf8 {
...1/2-1/2, Paasikangas-T Johanna 2307 - Amura Claudia N 2325 , Moscow 1994
Olympiad (w) } ) ( 16.Bb3 e5 17.Qc1 exd4 18.Nxd4 Ne5 19.Nf5 Qf6 20.Rg3 Nd3
21.Nxh6+ Kf8 22.Rxd3 Rxd3 23.Nxf7 Ke7 24.e5 Qh4 25.Nd6 Rf8 26.g3 Qh5 27.Nxb7
Rxf2 28.Qg5+ Qxg5 29.Kxf2 Rd2+ { 0-1, Van Der Stricht Geert 2413 - Huesmann
Thomas 2301 , Belgium 1992 Ch Belgium (qual) } ) 16...c5 17.d5 e5 18.g3 g6 {
?! } ( 18...Nf6 { !? } 19.Rcc1 Bc8 20.Qc2 Bh3 { } ) 19.Nh4 Kg7 20.Ng2 Nf6
21.Ne3 Ne8 22.Bf1 Nd6 23.b4 cxb4 24.Qxb4 Rac8 25.Rec1 Rxc3 26.Rxc3 Qd7 27.h4
Rc8 { ? } ( 27...Kg8 28.f3 Kg7 29.Nc4 Nxc4 { } ) 28.Bh3 Qxh3 29.Qxd6 Re8
30.Rc7 Ba6 31.Rxa7 Bd3 32.Qc7 Rf8 33.Qxe5+ Kg8 34.Qf4 { } {#r} 1-0

[Event "Cup Federation (final)"]
[Site "masterchessopen.com Tula (Russia)"]
[Date "2005.12.14"]
[Round "0"]
[White "Ponomarenko Viktor (RUS)"]
[Black "Tsukanov Stanislav (RUS)"]
[Result "1-0"]
[WhiteElo "2316"]
[BlackElo "1889"]

1.d4 d5 2.c4 e6 3.Nc3 Nf6 4.Bg5 Be7 5.e3 h6 6.Bh4 O-O 7.Nf3 Ne4 8.Bxe7 Qxe7
9.Rc1 c6 10.Bd3 f5 11.O-O Bd7 12.Ne5 Be8 13.Bxe4 fxe4 14.Qb3 b6 15.cxd5 cxd5
16.Nxd5 Qd6 17.Nc7 Bc6 18.Qxe6+ Qxe6 19.Nxe6 Bd5 20.Nxf8 Kxf8 21.Rc7 Na6
22.Ng6+ Ke8 23.Re7+ Kd8 24.Rxg7 Bxa2 25.f3 Bc4 26.Rc1 Bd5 27.Nf4 Bb3 28.d5
exf3 29.Rg8+ {#r} 1-0

[Event "It (open) \"]
[Site "masterchessopen.com Moscow (Russia)"]
[Date "2006.02.10"]
[Round "4"]
[White "Zhou Jianchao (CHN)"]
[Black "Li Wenliang (CHN)"]
[Result "1-0"]
[WhiteElo "2522"]
[BlackElo "2443"]

1.c4 e6 2.Nc3 d5 3.d4 Be7 4.Nf3 Nf6 5.Bg5 h6 6.Bh4 O-O 7.e3 Ne4 8.Bxe7 Qxe7
9.Rc1 c6 10.Qc2 Nxc3 11.Qxc3 Nd7 12.cxd5 exd5 13.Bd3 a5 14.O-O Nf6 15.Qc5 Qd8
16.Rc3 Re8 17.Nd2 Nh7 18.Ra3 Ng5 19.Kh1 Bg4 20.Qc2 f6 21.Bg6 Nf7 22.h3 Be6
23.Nf3 Re7 24.Bh7+ Kf8 25.Nh4 Nh8 26.Bf5 Bxf5 27.Nxf5 Re8 {#r} 1-0

[Event "Turkish Is Bank League"]
[Site "masterchessopen.com Marmaris (Turkey)"]
[Date "2006.04.19"]
[Round "0"]
[White "Senalp Engin (TUR)"]
[Black "Secer Ata (TUR)"]
[Result "0-1"]
[WhiteElo "2079"]
[BlackElo "2269"]

1.d4 d5 2.c4 e6 3.Nc3 Be7 4.Nf3 Nf6 5.Bg5 O-O 6.e3 h6 7.Bh4 Ne4 8.Bxe7 Qxe7
9.Rc1 Nxc3 10.Rxc3 c6 11.Be2 dxc4 12.Bxc4 Nd7 13.O-O e5 14.dxe5 Nxe5 15.Nxe5
Qxe5 16.f4 Qf6 17.e4 Rd8 18.Qf3 Be6 19.e5 Qe7 20.Bxe6 fxe6 21.g4 Rd5 22.g5
hxg5 23.Qh5 g4 24.Qxg4 Rf8 25.Kh1 Rxe5 26.Qg2 Ref5 27.Rcf3 R8f7 28.Qe2 Qd6
29.Qe4 Qd5 30.Qxd5 exd5 31.Kg2 Kf8 32.h4 Ke7 33.Kg3 Kd6 34.Kg4 g6 35.Rh1 Rh7
36.b4 b6 37.Ra3 d4 38.Rd1 Kd5 39.Kg3 Re7 {#R} 0-1

[Event "Ch Great Britain (open)"]
[Site "masterchessopen.com Swansea (Wales)"]
[Date "2006.08.08"]
[Round "2"]
[White "Forsythe Robert (ENG)"]
[Black "Coates David H (ENG)"]
[Result "0-1"]
[WhiteElo "1790"]
[BlackElo "1973"]

1.d4 d5 2.c4 e6 3.Nf3 Nf6 4.Bg5 Be7 5.Nc3 O-O 6.e3 h6 7.Bh4 Ne4 8.Bxe7 Qxe7
9.Rc1 c6 10.Bd3 Nxc3 11.bxc3 dxc4 12.Bxc4 Nd7 13.O-O c5 14.Bb5 Nf6 15.Ne5 Qc7
16.Bd3 b6 17.Bb1 Bb7 18.f3 Rfd8 19.Qc2 Kf8 20.Qf2 Rac8 21.Rfd1 cxd4 22.exd4
Qd6 23.Qb2 Nd7 24.Nxd7+ Rxd7 25.Qc2 g6 26.c4 Qf4 27.Qc3 Kg8 28.Rd2 Rxc4
29.Qxc4 Qxd2 30.Bxg6 Qe3+ 31.Kf1 Ba6 32.Bxf7+ Kxf7 33.Qxa6 Qxc1+ 34.Kf2 Qd2+
35.Kg3 Kf6 {#R} 0-1

[Event "Ch Great Britain (open)"]
[Site "masterchessopen.com Swansea (Wales)"]
[Date "2006.08.10"]
[Round "4"]
[White "Wise David (ENG)"]
[Black "Coates David H (ENG)"]
[Result "1-0"]
[WhiteElo "2189"]
[BlackElo "1973"]

1.d4 d5 2.c4 e6 3.Nc3 Nf6 4.Bg5 Be7 5.e3 O-O 6.Nf3 h6 7.Bh4 Ne4 8.Bxe7 Qxe7
9.Rc1 c6 10.Bd3 Nxc3 11.Rxc3 dxc4 12.Bxc4 Nd7 13.O-O b6 14.Bd3 c5 15.Be4 Rb8
16.Qa4 Bb7 17.Bxb7 Rxb7 18.Qc2 a5 19.a3 Rbb8 20.dxc5 Nxc5 21.Ne5 Qb7 22.b4
axb4 23.axb4 Na6 24.Nc6 Ra8 25.Rd1 Kh8 26.h3 Rac8 27.Rd6 Qc7 28.Rdd3 Qb7
29.Rd4 Nb8 30.b5 Qc7 31.Qd1 Nxc6 32.Rxc6 Qb8 33.Rd7 Rcd8 34.Rcd6 Rc8 35.Qd4
Rc5 36.f4 Kh7 37.Rxe6 {#r} 1-0

[Event "Ch Belgrade (team) (Premijer liga)"]
[Site "masterchessopen.com Belgrade (Yugoslavia)"]
[Date "2006.09.27"]
[Round "5"]
[White "Lapcevic Milos (SRB)"]
[Black "Andrijevic Milan (SRB)"]
[Result "1-0"]
[WhiteElo "2284"]
[BlackElo "2374"]

1.d4 d5 2.c4 e6 3.Nc3 Nf6 4.Bg5 Be7 5.e3 O-O 6.Nf3 h6 7.Bh4 Ne4 8.Bxe7 Qxe7
9.Rc1 c6 10.Bd3 Nxc3 11.Rxc3 dxc4 12.Rxc4 Nd7 13.O-O c5 14.dxc5 Nxc5 15.Bb1 b6
16.Qe2 f5 17.b4 Ba6 18.bxc5 Bxc4 19.Qxc4 bxc5 20.e4 f4 21.Ne5 Qd6 22.Ng6 Rfe8
23.e5 Qd4 24.Qc2 Rad8 25.Nh4 Qxe5 26.Qh7+ Kf7 27.Bg6+ Ke7 28.Bxe8 Kxe8 29.Qg8+
{#r} 1-0

[Event "It (open)"]
[Site "masterchessopen.com Cappelle la Grande (France)"]
[Date "2007.03.07"]
[Round "6"]
[White "Arutinian David (GEO)"]
[Black "Danielian Oganes (ARM)"]
[Result "1-0"]
[WhiteElo "2574"]
[BlackElo "2514"]

{ } 1.d4 e6 2.c4 d5 3.Nf3 Nf6 4.Nc3 Be7 5.Bg5 h6 6.Bh4 O-O 7.e3 Ne4 8.Bxe7
Qxe7 9.Rc1 { ?/= } 9...Nf6 ( 9...c6 10.Bd3 Nxc3 11.Rxc3 dxc4 12.Bxc4 Nd7
13.O-O b6 14.Bd3 c5 15.Be4 Rb8 16.Qa4 Bb7 17.Bxb7 Rxb7 18.Qc2 Rc8 19.Rc1 Rbc7
20.b4 e5 21.dxc5 bxc5 22.Rc4 e4 23.Qxe4 Qxe4 24.Rxe4 cxb4 25.Re8+ Rxe8 26.Rxc7
Ne5 27.Nxe5 Rxe5 28.Rxa7 h5 29.h3 { ...1/2-1/2, Kramnik Vladimir 2765 -
Kasparov Garry 2785 , Las Palmas 1996 It (cat.21) } ) ( 9...Nxc3 10.Rxc3 c6
11.Bd3 dxc4 12.Bxc4 Nd7 13.O-O b6 14.Bd3 c5 15.Be4 Rb8 16.Qa4 Bb7 17.Bxb7 Rxb7
18.Qc2 a5 19.Rd1 Re8 20.h3 e5 21.dxe5 Nxe5 22.Nxe5 Qxe5 23.Rcd3 Rbe7 24.Rd5 {
1/2-1/2, Anand Viswanathan 2770 - Kramnik Vladimir 2809 , Monaco 2001 It
"Melody Amber" (blindfold) } ) ( 9...Qb4 10.Qc2 Nc6 { +0.07 CAP } ) 10.a3 {
+0.18 CAP } ( 10.Bd3 Rd8 11.cxd5 exd5 12.Ne5 c5 13.O-O Nc6 14.Nxc6 bxc6 15.Re1
Bg4 16.f3 Be6 17.Na4 cxd4 18.exd4 Qb4 19.Rb1 Re8 20.a3 Qd6 21.Qd2 Re7 22.Nc5
Rae8 23.g3 Bc8 24.Rxe7 Rxe7 25.Re1 Nd7 26.Nxd7 Bxd7 27.Rxe7 Qxe7 28.Kf2 Qf6
29.Bc2 Bf5 { ...1/2-1/2, Vallejo Pons Francisco 2519 - Lalic Bogdan 2550 ,
Andorra 1999 It (open) } ) ( 10.Qb3 Rd8 11.Be2 dxc4 12.Qxc4 a6 13.O-O b5
14.Qb3 Bb7 15.a4 b4 16.a5 Nc6 17.Na2 Rab8 18.Qa4 b3 19.Qxb3 e5 20.dxe5 Nxe5
21.Qa3 Nxf3+ 22.Bxf3 Qxa3 23.bxa3 Bxf3 24.gxf3 Rd5 25.Nb4 Rxa5 26.Rxc7 Rxa3
27.Nc6 Ra8 28.Rb1 Ne8 29.Rd7 Rc3 { ...1-0, Beliavsky Alexander G 2630 - Short
Nigel D 2620 , Belgrade 1987 It "Investbanka" } ) ( 10.Qc2 Rd8 11.a3 dxc4
12.Bxc4 c5 13.O-O Nc6 14.dxc5 Qxc5 15.Ba2 Bd7 16.Nd5 Qxc2 17.Nxf6+ gxf6
18.Rxc2 Ne5 19.Nd4 Rac8 20.Rxc8 Rxc8 21.h3 Kf8 22.Rd1 Ke7 23.f4 Nc6 24.Nb5 a6
25.Nd6 Rc7 26.Rd2 Na7 27.Kf2 Nc8 28.Nxc8+ Rxc8 29.Bb3 Bc6 { ...1/2-1/2, Farago
Ivan 2475 - Andersson Ulf 2625 , Wijk aan Zee 1988 It (cat.13) } ) ( 10.Be2 {
+0.80 CAP } ) 10...a6 { N } ( 10...Nbd7 11.Qc2 c6 12.Be2 b6 13.O-O Bb7 14.Rfd1
dxc4 15.Bxc4 c5 16.Qe2 Rfd8 17.Ba6 Bc6 18.e4 Rab8 19.Bd3 Ba8 20.Bb1 cxd4
21.Nxd4 Rbc8 22.h3 Nc5 23.Qe3 Qb7 24.f3 Qe7 25.Ba2 Nh5 26.e5 Bb7 27.Ncb5 Qh4
28.Nd6 Nf4 29.Kh2 Rb8 30.b4 { ...1-0, Najdorf Miguel 2445 - Medina-Garcia
Antonio 2253 , Mar del Plata 1948 It } ) 11.cxd5 exd5 12.Qb3 c6 13.Bd3 Nbd7
14.O-O Kh8 15.Qc2 Re8 16.Na4 Ne4 17.b4 g5 18.Nc5 Nexc5 19.bxc5 g4 20.Nd2 Qg5 {
?! } ( 20...Nf6 { !? } 21.Rfe1 Qc7 22.Qb2 Kg8 23.f3 Be6 24.e4 dxe4 25.fxe4 Nh5
{ } ) 21.e4 Nf8 22.f4 Qh5 23.f5 dxe4 24.Nxe4 Nh7 25.Nd6 g3 26.hxg3 Nf6 27.Rf4
Re7 28.Qd2 Kg7 29.Ne4 Nxe4 30.Bxe4 f6 31.Bf3 Qe8 32.Rh4 Qh8 33.Rg4+ Kh7
34.Qxh6+ Kxh6 35.Kf2 { } {#r} 1-0

[Event "Ch Germany (juniors) (under 14) (g)"]
[Site "masterchessopen.com Willingen (Germany)"]
[Date "2007.05.29"]
[Round "5"]
[White "Micklich Rahel (GER)"]
[Black "Rogasch Miriam"]
[Result "1-0"]
[WhiteElo "1786"]
[BlackElo "1284"]

1.d4 d5 2.c4 e6 3.Nc3 Be7 4.Nf3 Nf6 5.Bg5 h6 6.Bh4 O-O 7.e3 Ne4 8.Bxe7 Qxe7
9.Rc1 c5 10.cxd5 Nxc3 11.Rxc3 cxd4 12.Qxd4 exd5 13.Qxd5 Be6 14.Qe4 Nc6 15.Bd3
Rad8 16.Qh7# 1-0